| 000 | 01176nam a2200325Ia 4500 | ||
|---|---|---|---|
| 003 | OSt | ||
| 005 | 20220912150902.0 | ||
| 006 | a|||||r|||| 00| 0 | ||
| 007 | ta | ||
| 008 | 220909b |||||||| |||| 00| 0 eng d | ||
| 020 | _a0821804545 (hbd) | ||
| 024 | _a4284 | ||
| 037 | _bI B A, | ||
| 037 | _cTextual | ||
| 040 |
_aCSL _beng _cCSL |
||
| 041 | _aeng | ||
| 082 | _aB27M09, N5 | ||
| 100 | _aGindikin S G Ed | ||
| 245 | 0 | _aLie groups and lie algebras: E B Dynkin's seminar ed by S G Gindikin and E B Vinberg | |
| 260 |
_aProvidence,Rohode Island _bAmerican Mathematical Soceity _c1995 |
||
| 300 | _axi,202p | ||
| 490 | _aAmerican Mathematical Society translations series 2; 169^aAdvances in the mathematical sciences | ||
| 500 | _aIncludes bibliographical references; ^n23/CSL/B/96-97/3436^d1996-08-29^mPurchase; ; 96-97/366^b1997-08-10^c1233^d1997-01-28^eInternational Book Agency; ; 1997-02-20^bSB^c1997-10-15^r1997-11-20 | ||
| 650 | _a Group theory | ||
| 650 | _a Lie groups | ||
| 650 | _aMathematics | ||
| 700 | _a Vinberg E B Ed | ||
| 942 |
_hB27M09, N5 _cTEXL _2CC |
||
| 999 |
_c56859 _d56859 |
||